| 000 | 00774nam a2200277Ia 4500 | ||
|---|---|---|---|
| 001 | Para_9306 | ||
| 003 | CHAP | ||
| 005 | 20230823145134.0 | ||
| 008 | 220125s2000 xx 000 0 und d | ||
| 010 | _a206658 | ||
| 040 | _cCHAP | ||
| 082 | _aPA 632 A55 | ||
| 100 |
_aAlford, David V. ed. _9172975 |
||
| 245 |
_aPest and disease management handbook / _c ed. by David V. Alford |
||
| 260 |
_aOxfod : _b British Crop Protection Enterprises |
||
| 300 | _a615 p. | ||
| 503 | _aI.234459 (ej.1) | ||
| 650 |
_aAgricultura _x plagas _91764 |
||
| 650 |
_aPlantas _x enfermedades _988828 |
||
| 901 | _a632 A55 | ||
| 902 | _aM | ||
| 905 | _a0000002000 n 0000000000 00 | ||
| 910 | _a2000 | ||
| 942 |
_cPARA _2ddc |
||
| 942 |
_cPARA _2ddc |
||
| 999 |
_c206658 _d206658 |
||